| 000 | 00915na a2200289 4500 | ||
|---|---|---|---|
| 001 | 15188 | ||
| 003 | MIRAKIL | ||
| 005 | 20181213155308.0 | ||
| 008 | 160905b tu 000 0 | ||
| 020 | _a9786053991342 | ||
| 035 | _a15188 | ||
| 040 |
_aMilas _btur _cTR-AnCHP |
||
| 082 |
_a320.9561 _bA44t 2010 |
||
| 090 | _a320.9561 A44t 2010 | ||
| 245 |
_aTarık Zafer Tunaya anısına _bYadigar-ı meşrutiyet _cHazırlayan Mehmet Ö. Alkan |
||
| 246 | _aYadigar-ı meşrutiyet | ||
| 260 |
_aİstanbul _bİstanbul Bilgi Üniversitesi Yayınları _c2010 |
||
| 300 |
_axii, 283 s. _bres. _c23 sm. |
||
| 490 |
_aİstanbul Bilgi Üniversitesi yayınları _v286 |
||
| 490 |
_aSiyaset bilimi _v29 |
||
| 504 | _aDizin var. | ||
| 650 |
_aSiyasal bilimler _zTürkiye |
||
| 650 |
_aSiyasal tarih _zTürkiye |
||
| 651 |
_aTürkiye _xSiyaset ve yönetim _y1978-1980 |
||
| 700 | _aAlkan,Mehmet Ö. | ||
| 942 |
_2ddc _cBKS |
||
| 999 |
_c10137 _d10137 |
||